header

Biodegradable polymers in clinical use and clinical development (Record no. 242499)

MARC details
000 -LEADER
fixed length control field 01278nam a2200313Ia 4500
082 04 - DEWEY DECIMAL CLASSIFICATION NUMBER
Classification number 610.28/4
245 00 - TITLE STATEMENT
Title Biodegradable polymers in clinical use and clinical development
260 ## - PUBLICATION, DISTRIBUTION, ETC. (IMPRINT)
Place of publication Hoboken, NJ :
Name of publisher Wiley,
Year of publication 2011.
300 ## - PHYSICAL DESCRIPTION
Number of Pages xv, 734 p. :
Other physical details ill.
650 #0 - SUBJECT ADDED ENTRY--TOPICAL TERM
Topical Term Polymers in medicine.
Topical Term Biodegradable plastics.
700 1# - ADDED ENTRY--PERSONAL NAME
Personal name Domb, A. J.
Personal name Jain, Jay Prakash.
856 40 - ELECTRONIC LOCATION AND ACCESS
Uniform Resource Identifier http://site.ebrary.com/lib/rucke/Doc?id=10466737

No items available.

© 2026 Rongo University
Contact us: librarian | system librarian | Rongo university